00332nam a2200133Ia 4500003000400000008004100004020002300045040000800068100002100076245004700097260002800144300001500172365001100187LDD181029s9999 xx 000 0 und d a185468650Xc295.00 cLDD aAyoub Mahmoud M. 0aIslambfaith and historycAyoub Mahmoud M. aEnglandbOneworldc2006 avii, 239p. b295.00